Municipios de Araba/Álava en un mapa - Estadísticas

Estadísticas generales
  • Esta prueba ha sido intentada 13 veces
  • La puntuación promedio es 26 de 53
Respuestas en el mapa
Las respuestas están codificadas por una escala verde-roja en el mapa de la prueba según el % correcto abajo.
 
Estadísticas de respuestas
Respuesta % Correcto
Vitoria/Gasteiz
100%
Amurrio
92%
La guardia/Guardia
92%
LLodio/Laudio
92%
Aramaio
67%
Alegría/Dulantzi
58%
Añana
58%
Artziniega
58%
Bernedo
58%
Campezo/Kanpezu
58%
La bastida/Bastida
58%
Oyón/Oion
58%
Peñacerrada/Urizaharra
58%
Salvatierra/Agurain
58%
Zuia
58%
Ayala/Aiara
50%
Comunidad de Laño, Lagrán y Peñacerrada
50%
El ciego
50%
Kripan
50%
Lantarón
50%
La puebla de Labarca
50%
Legutio
50%
Leza
50%
Okondo
50%
Ribera Alta/ Erriberagoitia
50%
San Millán/Donemiliaga
50%
Valdegovia/Gaubea
50%
Valle de Arana/Harana
50%
Arraia/Maetzu
42%
Arratzua/Ubarrundia
42%
Asparrena
42%
Baños de Ebro/Mañueta
42%
Berantevilla
42%
Elburgo/Burgelu
42%
Iruña de Oca/Iruña Oka
42%
Kuartango
42%
Lagrán
42%
Lanciego/Lantziego
42%
Moreda de Álava
42%
Navaridas
42%
Samaniego
42%
Urkabustaiz
42%
Yécora/Iekora
42%
Zalduondo
42%
Zambrana
42%
Armiñón
33%
Barrundia
33%
Iruraiz/Gauna
33%
Villabuena de Álava/Esluernaga
33%
Zigoitia
33%
Elvillar/Bilar
25%
Mancomunidad de Badaia
17%
Parzonería de Eritzia-Iturrieta
17%
No se encontraron pruebas coincidentes
Distribución de puntuación
Porcentaje de gente con cada puntuación
Porcentaje por número respondido
Historial de tus puntuaciones
No has intentado esta prueba.